00574nam a2200121 a 4500008004100000050002200041110013500063245012600198260007000324300000800394350000900402650004100411090303s2001 ||||||||||||||||| || u aGOV.ZAM(02)2001/2 aGovernment of the Republic of Zambia. Ministry of Commerce, Trade and Industry, Patents and Companies Registration Office (Zambia)14aThe procedure followed in approving company and business namescBy the Patents and Companies Registration Office (Zambia) aLusaka:bPatents and Companies Registration Office (Zambia)c2001 a7p. a0.00 aPATENT LAWS AND LEGISTLATION--ZAMBIA